| 000 | 00591nam a2200157Ia 4500 | ||
|---|---|---|---|
| 008 | 170224s9999 xx 000 0 und d | ||
| 100 | _aKihan Kim, Yunjae Cheong | ||
| 245 | 4 | _aThe Influences of Sports Viewing Conditions on Enjoyment from Watching Televised Sports: An Analysis of the FIFA World Cup Audiences in Theater vs. Home | |
| 245 | _cKihan Kim, Yunjae Cheong & Hyuksoo Kim | ||
| 260 | _bJournal of Broadcasting & Electronic Media | ||
| 260 | _cSeptember | ||
| 300 | _a60:3, Pages: 389-409 | ||
| 500 | _aSeptember | ||
| 650 | _xCommunication Arts | ||
| 650 | _xMultimedia Arts | ||
| 999 |
_c316290 _d316290 |
||